000 00391nam a2200145Ia 4500
008 220214s9999 xx 000 0 und d
022 _a0043-1729
245 0 _aWEED ABSTRACTS
260 _bCAB International, Wallingford, Oxon
_aUK
310 _aM
500 _aEnding Volume & Year: 40, 1991
500 _aMissing Volume: 21;38
500 _aStarting Volume & Year: 14, 1965
942 _cBJ
999 _c5312
_d5312